000 00920cam a22002294a 4500
005 20250605164247.0
008 250528s ||||||||||||||||||||||||d
035 _a21589
020 _a9781592602322
040 _aGR-AtMCL
_bgre
_dGR-AtMCL
_eAACR2
245 1 _aSHOPPER, BUYER AND CONSUMER BEHAVIOR
250 _a3
260 _bATOMIC DOG PUBLISHING,
_c2006
300 _a652
505 0 _aTHE SHOPPER, BUER AND CONSUMER IN THE MARKETPLACE THE CONSSUMER AS DECISION MAKER PSYCHOLOGICAL INFLUENCES ON CONSUMER DECISION MAKING SOCIOLOGICAL INFLUENCES ON CONSUMER DECISION MAKING
520 _aTHE SHOPPER, BUER AND CONSUMER IN THE MARKETPLACE THE CONSSUMER AS DECISION MAKER PSYCHOLOGICAL INFLUENCES ON CONSUMER DECISION MAKING SOCIOLOGICAL INFLUENCES ON CONSUMER DECISION MAKING
700 1 _aLindquist Jay D.
_97547
700 1 _aSirgy Joseph M
_92059
942 _cBK
999 _c6650
_d6650